000 00906cam a22002771 4500
001 agr49000099
003 DLC
005 20260227111011.0
008 770825s1949 xx 000 0 eng
010 _aagr49000099
035 _a(OCoLC)3218264
040 _aDLC
_cOC
_dDLC
042 _apremarc
050 0 0 _aS495
_b.P484
082 _a630
100 1 _aPhillips, Haskell Cordell,
_d1912-
245 1 0 _aReference handbook for institutional on-farm training,
_cby Haskell C. Phillips [and] Russell R. Spafford.
260 _aClarksville, Tenn.,
_bClarksville Book Co.,
_c1949.
300 _a234 p.
_billus., maps.
_c20 cm.
504 _aIncludes "Sources."
650 0 _aAgriculture
_vHandbooks, manuals, etc.
650 0 _aAgriculture
_zSouthern States.
700 1 _aSpafford, Russell Richard,
_d1887-
_ejoint author.
740 0 _aInstitutional on-farm training.
740 0 _aOn-farm training.
999 _c10985
_d10985